| 000 | 01051cam a22003015a 4500 | ||
|---|---|---|---|
| 001 | 18125298 | ||
| 005 | 20161016132930.0 | ||
| 008 | 140423s2014 enka frb 001 0 eng d | ||
| 010 | _a 2014939129 | ||
| 020 | _a9780198712220 (hbk.) | ||
| 020 | _a0198712227 (hbk.) | ||
| 035 | _a(OCoLC)ocn890389998 | ||
| 040 |
_aUKMGB _beng _cUKMGB _dOCLCO _dLTSCA _dDLC _dEG-ScBUE |
||
| 082 | 0 | 4 |
_a332.1 _bCAP _222 |
| 245 | 0 | 0 |
_aCapital failure : _brebuilding trust in financial services / _cedited by Nicholas Morris and David Vines. |
| 250 | _a1st ed. | ||
| 260 |
_aOxford : _bOxford University Press, _c2014. |
||
| 300 |
_axix, 402 p. : _bill. (black and white) ; _c24 cm. |
||
| 504 | _aIncludes bibliographical references and index. | ||
| 650 | 0 |
_aFinancial services industry. _2BUEsh |
|
| 650 | 0 |
_aFinancial services industry _xMoral and ethical aspects. _2BUEsh |
|
| 650 | 0 |
_aTrust. _2BUEsh |
|
| 651 | _2BUEsh | ||
| 653 |
_bBUSADM _cOctober2016 |
||
| 700 | 1 |
_aMorris, Nicholas _c(Economist), _eeditor. |
|
| 700 | 1 |
_aVines, David, _eeditor. |
|
| 942 | _2ddc | ||
| 999 |
_c22605 _d22577 |
||